000 00434nam a2200169Ia 4500
003 ARRUPE
005 20150916100713.0
008 130307s9999 xx 000 0 und d
040 _cARRUPELIB
050 _aQ175.
_bS192
100 _aSampson, R.A
_919934
245 _aScience and Reality
260 _aLondon
_bErnest Benn LTD
_c1928
300 _a79p.;
_c17cm.
650 _2Sciencen
_aPhilosophy
_919935
942 _2lcc
_cMONOGRAPH
999 _c87546
_d87546